[Event "87th Spanish Championship 2022"]
[Site "Linares"]
[Date "2022.08.18"]
[Round "9.10"]
[White "Garcia Martin, Marta"]
[Black "Lopez Martinez, Josep Manuel"]
[Result "1/2-1/2"]
[WhiteElo "2305"]
[BlackElo "2486"]
[Annotator "TA"]
[PlyCount "141"]
[EventDate "2022.08.11"]
[EventType "swiss"]
[EventCountry "ESP"]
[SourceTitle "playchess.com"]
[Source "ChessBase"]
[SourceQuality "1"]

1. e4 c5 2. Nf3 e6 3. g3 Nc6 4. Bg2 Nf6 5. Qe2 d6 6. O-O Be7 7. c3 e5 8. Rd1 Bg4 9. h3 Bxf3 10. Qxf3 O-O 11. d3 Nd7 12. h4 b5 13. Na3 b4 14. Nc4 a5 15. a4 Rb8 16. Bh3 Kh8 17. Ne3 bxc3 18. bxc3 Rb3 19. Bd2 Qc7 20. h5 Nb6 21. Rf1 c4 22. dxc4 Nb8 23. Nd5 Nxd5 24. cxd5 Na6 25. Qd3 Nc5 26. Qc4 Rfb8 27. h6 g6 28. f4 f6 29. Rad1 exf4 30. gxf4 Ra3 31. Ra1 Rxa1 32. Rxa1 Bf8 33. Be3 Bxh6 34. Bd4 Bg7 35. Re1 Re8 36. Kg2 g5 37. Bf5 h6 38. Qe2 Qf7 39. Bxc5 dxc5 40. d6 gxf4 41. d7 Rd8 42. Qg4 Bf8 43. Kf3 Qc4 44. Qxf4 Qxc3+ 45. Re3 Qc4 46. Kg2 Qc2+ 47. Kh3 Qc1 48. Kg2 Qd2+ 49. Kh3 c4 50. Be6 Bg7 51. Qg3 Qd1 52. Kg2 Qd2+ 53. Kh3 Qd4 54. Bf5 Qc5 55. Rf3 Kg8 56. Qg6 Qe7 57. Rg3 Rxd7 58. Bxd7 Qxd7+ 59. Qf5 Qc7 60. Rc3 Qb6 61. Qc8+ Kh7 62. Qf5+ Kh8 63. Qc8+ Kh7 64. Qxc4 f5 65. Rg3 Qb1 66. exf5 Qxf5+ 67. Qg4 Qf1+ 68. Kh2 Qf2+ 69. Kh3 Qf1+ 70. Kh2 Qf2+ 71. Kh3 1/2-1/2

[Event "87th Spanish Championship 2022"]
[Site "Linares"]
[Date "2022.08.18"]
[Round "9.11"]
[White "Garcia Ramos, Daniel"]
[Black "Domingo Nunez, Ruben"]
[Result "1-0"]
[WhiteElo "2438"]
[BlackElo "2361"]
[Annotator "TA"]
[PlyCount "65"]
[EventDate "2022.08.11"]
[EventType "swiss"]
[EventCountry "ESP"]
[SourceTitle "playchess.com"]
[Source "ChessBase"]
[SourceQuality "1"]

1. e4 e6 2. d4 d5 3. Bd3 dxe4 4. Bxe4 Nf6 5. Bf3 Bd6 6. Ne2 O-O 7. O-O Nbd7 8. Nbc3 c6 9. Ng3 Qc7 10. Re1 a6 11. Qe2 e5 12. d5 cxd5 13. Nxd5 Nxd5 14. Bxd5 Kh8 15. Nf5 Bc5 16. Bb3 Nf6 17. Qf3 Qa5 18. Re2 e4 19. Qf4 Qb5 20. Ng3 Be6 21. Re1 Bxb3 22. axb3 Nd5 23. Qg5 f5 24. Bd2 Qb6 25. Re2 Bxf2+ 26. Kh1 e3 27. Nxf5 Qf6 28. Qxf6 Rxf6 29. g4 Nf4 30. Rxf2 exf2 31. Bxf4 Re8 32. Bg3 Re2 33. Rf1 1-0

[Event "87th Spanish Championship 2022"]
[Site "Linares"]
[Date "2022.08.18"]
[Round "9.12"]
[White "Espinosa Aranda, Angel"]
[Black "Martinez Fernandez, Adrian"]
[Result "1/2-1/2"]
[WhiteElo "2439"]
[BlackElo "2366"]
[Annotator "RC"]
[PlyCount "90"]
[EventDate "2022.08.11"]
[EventType "swiss"]
[EventCountry "ESP"]
[SourceTitle "playchess.com"]
[Source "ChessBase"]
[SourceQuality "1"]

1. d4 d5 2. Nf3 Nf6 3. c4 c6 4. Qc2 g6 5. e3 Bg7 6. Nbd2 O-O 7. Bd3 Na6 8. a3 c5 9. b3 cxd4 10. exd4 Nh5 11. O-O Nf4 12. Bb2 Nxd3 13. Qxd3 dxc4 14. bxc4 Nc5 15. Qe3 Na4 16. Bc1 Qc7 17. Rb1 Nb6 18. Rb4 Bg4 19. d5 Bxf3 20. Qxf3 Nd7 21. Ne4 b6 22. Bf4 Be5 23. Bh6 Rfe8 24. Qh3 Nf6 25. Nxf6+ Bxf6 26. Be3 Rac8 27. Rc1 Qd6 28. Qf3 Rc7 29. g3 Rec8 30. Kg2 Be5 31. h4 Qf6 32. Qxf6 Bxf6 33. a4 Be5 34. a5 bxa5 35. Ra4 Bd6 36. Rxa5 Rxc4 37. Rxc4 Rxc4 38. Rxa7 h5 39. Kf3 Kg7 40. Rb7 Ra4 41. Rb5 f6 42. Bc5 Bxc5 43. Rxc5 Kf7 44. Rc8 Rd4 45. Rd8 Rd2 1/2-1/2

[Event "87th Spanish Championship 2022"]
[Site "Linares"]
[Date "2022.08.18"]
[Round "9.13"]
[White "Bernabeu Lopez, Carlos Javier"]
[Black "Alshameary Puente, Ismael"]
[Result "0-1"]
[WhiteElo "2421"]
[BlackElo "2352"]
[Annotator "TA"]
[PlyCount "76"]
[EventDate "2022.08.11"]
[EventType "swiss"]
[EventCountry "ESP"]
[SourceTitle "playchess.com"]
[Source "ChessBase"]
[SourceQuality "1"]

1. e4 c5 2. Nf3 a6 3. c4 Nc6 4. d4 cxd4 5. Nxd4 Nf6 6. Nc3 e5 7. Nf5 d5 8. cxd5 Bxf5 9. exf5 Nd4 10. Bd3 Be7 11. O-O O-O 12. Bg5 Nxd5 13. Nxd5 Bxg5 14. Be4 Re8 15. Qg4 Rc8 16. Rad1 Bf6 17. Rd3 Rc5 18. Ne3 Qb6 19. b4 Qxb4 20. Nd5 Rxd5 21. Bxd5 e4 22. Qh5 Re7 23. Re3 Qa5 24. Rc1 Nc6 25. Bxc6 bxc6 26. Rxc6 g6 27. Qh6 Qxf5 28. Rb3 Re8 29. Qd2 Bg5 30. Qe2 Rd8 31. Rc2 h5 32. Rcb2 Qf4 33. g3 Qc1+ 34. Kg2 Rd1 35. Rc2 Re1 36. Rb8+ Kg7 37. Qc4 Rg1+ 38. Kh3 Qd1 0-1

[Event "87th Spanish Championship 2022"]
[Site "Linares"]
[Date "2022.08.18"]
[Round "9.14"]
[White "Garza Marco, Sergio"]
[Black "Del Prado Rodriguez, Xulio"]
[Result "1-0"]
[WhiteElo "2408"]
[BlackElo "2282"]
[Annotator "TA"]
[PlyCount "91"]
[EventDate "2022.08.11"]
[EventType "swiss"]
[EventCountry "ESP"]
[SourceTitle "playchess.com"]
[Source "ChessBase"]
[SourceQuality "1"]

1. d4 Nf6 2. Nf3 g6 3. g3 Bg7 4. Bg2 O-O 5. O-O d6 6. b3 c5 7. Bb2 cxd4 8. Nxd4 d5 9. c4 e5 10. Nf3 e4 11. Nd4 dxc4 12. bxc4 a6 13. Nc3 Re8 14. Rb1 Qc7 15. Nd5 Nxd5 16. cxd5 Qd6 17. Nc2 Bxb2 18. Rxb2 b5 19. Ne3 Nd7 20. a4 Qa3 21. Qd4 Qxa4 22. Rb4 Qa5 23. Ng4 f6 24. Ra1 Qd8 25. Rxb5 Ne5 26. Nxe5 Rxe5 27. Rba5 Bf5 28. e3 Qd6 29. Rc1 Rd8 30. Bf1 Bc8 31. Qa1 Bb7 32. Bxa6 Bxd5 33. Rd1 Qc6 34. Qd4 Kg7 35. Bc4 Bxc4 36. Ra7+ Kh6 37. Qxd8 Be2 38. Qf8+ Kg5 39. Re1 Bf3 40. Rxh7 Rc5 41. Qh6+ Kf5 42. Qf4+ Ke6 43. Ra7 Rc2 44. Qb8 Qc3 45. Qb6+ Kf5 46. Ra5+ 1-0

[Event "87th Spanish Championship 2022"]
[Site "Linares"]
[Date "2022.08.18"]
[Round "9.15"]
[White "Perez Guerra, Raul"]
[Black "Tejedor Fuente, Enrique"]
[Result "1-0"]
[WhiteElo "2276"]
[BlackElo "2419"]
[Annotator "TA"]
[PlyCount "106"]
[EventDate "2022.08.11"]
[EventType "swiss"]
[EventCountry "ESP"]
[SourceTitle "playchess.com"]
[Source "ChessBase"]
[SourceQuality "1"]

1. e4 c5 2. Nc3 Nc6 3. g3 g6 4. Bg2 Bg7 5. Nge2 d6 6. d3 Rb8 7. a4 a6 8. O-O h5 9. h3 e6 10. Be3 Nd4 11. Qd2 Ne7 12. Nc1 O-O 13. Nd1 e5 14. c3 Ne6 15. Ne2 f5 16. d4 h4 17. d5 Nc7 18. b4 cxb4 19. Bb6 f4 20. gxf4 exf4 21. Nxf4 Qd7 22. Rc1 b3 23. c4 b2 24. Rb1 g5 25. Nh5 Be5 26. Qxg5+ Kf7 27. f4 Bh8 28. e5 Rg8 29. Nf6 Rxg5 30. Nxd7 Rxg2+ 31. Kxg2 Bxd7 32. Bxc7 Rg8+ 33. Kh2 Rg3 34. e6+ Bxe6 35. dxe6+ Kxe6 36. Nxb2 Kd7 37. Ba5 Rb3 38. Nd3 Rxd3 39. Rxb7+ Ke8 40. Rb8+ Kf7 41. Rxh8 Nf5 42. Rf2 Rd1 43. Rh5 Ne3 44. Rxh4 Nxc4 45. Bc3 Rd3 46. Bb2 Rb3 47. Bd4 Rb4 48. a5 Ra4 49. f5 Ne5 50. f6 Ng6 51. Rh7+ Ke6 52. f7 Rxd4 53. Rh6 Kd5 1-0

[Event "87th Spanish Championship 2022"]
[Site "Linares"]
[Date "2022.08.18"]
[Round "9.16"]
[White "Ingunza Curro, Andres"]
[Black "Lopez Varela, Pablo"]
[Result "1/2-1/2"]
[WhiteElo "2370"]
[BlackElo "2158"]
[Annotator "TA"]
[PlyCount "47"]
[EventDate "2022.08.11"]
[EventType "swiss"]
[EventCountry "ESP"]
[SourceTitle "playchess.com"]
[Source "ChessBase"]
[SourceQuality "1"]

1. e4 d6 2. d4 Nf6 3. Nc3 e5 4. Nf3 Nbd7 5. Bc4 Be7 6. a4 O-O 7. O-O c6 8. h3 h6 9. Re1 Re8 10. Ba2 a5 11. Be3 exd4 12. Bxd4 Nf8 13. Be3 Be6 14. Bxe6 Nxe6 15. Nd4 Bf8 16. Nf5 Kh7 17. Qd2 Qc7 18. Rad1 Rad8 19. f3 Ng8 20. Qf2 Nc5 21. Qg3 Ne6 22. Qf2 Nc5 23. Bf4 Ne6 24. Be3 1/2-1/2

[Event "87th Spanish Championship 2022"]
[Site "Linares"]
[Date "2022.08.18"]
[Round "9.17"]
[White "Medarde Santiago, Luis Marcos"]
[Black "Martinez-Conde Hernandez, Carlos"]
[Result "1/2-1/2"]
[WhiteElo "2330"]
[BlackElo "2205"]
[Annotator "TA"]
[PlyCount "62"]
[EventDate "2022.08.11"]
[EventType "swiss"]
[EventCountry "ESP"]
[SourceTitle "playchess.com"]
[Source "ChessBase"]
[SourceQuality "1"]

1. e4 c5 2. Nf3 e6 3. d4 cxd4 4. Nxd4 Nc6 5. Nc3 Qc7 6. Be3 a6 7. a3 b5 8. Nxc6 Qxc6 9. Qd2 Bb7 10. Bd3 Nf6 11. f3 Bd6 12. O-O-O Be5 13. Ne2 Rc8 14. f4 Bb8 15. e5 Nd5 16. Nd4 Qc7 17. Bf2 O-O 18. Bg3 Qb6 19. Bf2 Qc7 20. Rhe1 f6 21. Nb3 fxe5 22. fxe5 Nf4 23. Be4 Nxg2 24. Bxg2 Bxg2 25. Bc5 Bf3 26. Bxf8 Bxd1 27. Bc5 Bh5 28. Bb4 Bg6 29. Bc3 Rf8 30. Bb4 Rc8 31. Bc3 Rf8 1/2-1/2

[Event "87th Spanish Championship 2022"]
[Site "Linares"]
[Date "2022.08.18"]
[Round "9.18"]
[White "Silva Lucena, Cristian"]
[Black "Fernandez Garcia, Jose Luis"]
[Result "1/2-1/2"]
[WhiteElo "2212"]
[BlackElo "2362"]
[Annotator "TA"]
[PlyCount "36"]
[EventDate "2022.08.11"]
[EventType "swiss"]
[EventCountry "ESP"]
[SourceTitle "playchess.com"]
[Source "ChessBase"]
[SourceQuality "1"]

1. d4 d5 2. Nf3 Nf6 3. c4 e6 4. g3 Be7 5. Bg2 O-O 6. O-O dxc4 7. Ne5 Nc6 8. Bxc6 bxc6 9. Nxc6 Qe8 10. Nxe7+ Qxe7 11. Qa4 e5 12. dxe5 Qxe5 13. Qxc4 Be6 14. Qc2 Bf5 15. Qc4 Be6 16. Qc2 Bf5 17. Qc4 Be6 18. Qc2 Qd5 1/2-1/2

[Event "87th Spanish Championship 2022"]
[Site "Linares"]
[Date "2022.08.18"]
[Round "9.19"]
[White "Garrido Diaz, Jose Antonio"]
[Black "Garrido Outon, Alex"]
[Result "0-1"]
[WhiteElo "2306"]
[BlackElo "2436"]
[Annotator "TA"]
[PlyCount "116"]
[EventDate "2022.08.11"]
[EventType "swiss"]
[EventCountry "ESP"]
[SourceTitle "playchess.com"]
[Source "ChessBase"]
[SourceQuality "1"]

1. e4 c5 2. Nf3 d6 3. d4 cxd4 4. Nxd4 Nf6 5. Nc3 a6 6. Qf3 g6 7. h3 Bg7 8. Bg5 h6 9. Be3 Bd7 10. O-O-O Nc6 11. g4 Rc8 12. Qg2 Nxd4 13. Bxd4 Qa5 14. Kb1 e5 15. Be3 Be6 16. Nd5 Bxd5 17. exd5 Qa4 18. f3 O-O 19. h4 e4 20. Rd4 Qa5 21. fxe4 Nxg4 22. Bd2 Qd8 23. Rc4 Rxc4 24. Bxc4 Qb6 25. Bb3 h5 26. Qf3 Qf2 27. Qd3 Re8 28. c3 Qg2 29. Re1 Nf2 30. Qe2 Qxe4+ 31. Qxe4 Rxe4 32. Rxe4 Nxe4 33. Be3 f5 34. Bc2 Bf6 35. Bxe4 fxe4 36. Bf2 g5 37. Bg3 gxh4 38. Bxd6 h3 39. Kc2 Kf7 40. Kd2 Kg6 41. Bh2 Kf5 42. d6 Ke6 43. Ke3 Bg7 44. Kxe4 Bf8 45. d7 Kxd7 46. Kd5 Be7 47. c4 Bd8 48. Ke4 Bc7 49. Bxc7 Kxc7 50. Kf3 Kd6 51. Kg3 Kc5 52. b3 Kb4 53. Kxh3 Ka3 54. Kh4 Kxa2 55. b4 Kb3 56. b5 Kxc4 57. bxa6 bxa6 58. Kxh5 a5 0-1

[Event "87th Spanish Championship 2022"]
[Site "Linares"]
[Date "2022.08.18"]
[Round "9.20"]
[White "Macias Pino, Diego"]
[Black "Moral Garcia, Serafin"]
[Result "1-0"]
[WhiteElo "2355"]
[BlackElo "2237"]
[Annotator "TA"]
[PlyCount "179"]
[EventDate "2022.08.11"]
[EventType "swiss"]
[EventCountry "ESP"]
[SourceTitle "playchess.com"]
[Source "ChessBase"]
[SourceQuality "1"]

1. e4 e5 2. Nf3 Nf6 3. d4 Nxe4 4. Bd3 d5 5. Nxe5 Nd7 6. Nd2 Nxe5 7. dxe5 Nc5 8. Nf3 Nxd3+ 9. Qxd3 Be7 10. O-O O-O 11. c3 Be6 12. Nd4 c5 13. Nf5 Bxf5 14. Qxf5 Qc8 15. Qd3 Qe6 16. f4 Rad8 17. Bd2 f5 18. Qb5 a6 19. Qd3 b5 20. Be3 d4 21. cxd4 c4 22. Qc2 Qd5 23. Rfc1 Rc8 24. Bf2 Rc6 25. Qe2 Rfc8 26. Rc2 Bb4 27. Rd1 Ba5 28. h3 Rg6 29. Bh4 Rc7 30. Kh2 Bb6 31. Be1 Rd7 32. Bc3 Rc6 33. Qh5 g6 34. Qe2 Rf7 35. Bb4 Re6 36. Qf3 Rd7 37. Bd6 Qxf3 38. gxf3 Rdxd6 39. exd6 Rxd6 40. d5 Kf7 41. b3 cxb3 42. axb3 Ke7 43. b4 Kd7 44. Ra2 Bc7 45. Kg2 Kc8 46. Re2 Rd7 47. Re6 Bd6 48. Rc1+ Rc7 49. Rxc7+ Kxc7 50. Kf1 Bxb4 51. Rxa6 Bd2 52. Rc6+ Kd7 53. Rb6 Bxf4 54. Rxb5 Kd6 55. Ke2 Ke5 56. Kd3 Bg5 57. Rb7 Kxd5 58. Rxh7 Ke5 59. Ke2 Kf6 60. Ra7 Bf4 61. Kf2 Kg5 62. Rh7 Bc1 63. h4+ Kf6 64. Kg3 Bd2 65. f4 Bc1 66. Kf3 Bd2 67. Kg3 Bc1 68. h5 gxh5 69. Rxh5 Kg6 70. Rh1 Bb2 71. Rb1 Bf6 72. Rb6 Kh5 73. Kf3 Be7 74. Re6 Bh4 75. Ke3 Kg4 76. Rg6+ Kh5 77. Rg8 Be7 78. Kd4 Bd6 79. Rg5+ Kh6 80. Rxf5 Kg6 81. Ke4 Bc7 82. Rc5 Bd8 83. Ke5 Kf7 84. Kf5 Bh4 85. Rc7+ Kf8 86. Ke6 Bg3 87. Rc8+ Kg7 88. f5 Bh4 89. Rc2 Bd8 90. f6+ 1-0

[Event "87th Spanish Championship 2022"]
[Site "Linares"]
[Date "2022.08.18"]
[Round "9.21"]
[White "Cesar Maestre, Bernardo"]
[Black "Domingo Nunez, Alejandro"]
[Result "1/2-1/2"]
[WhiteElo "2343"]
[BlackElo "2335"]
[Annotator "TA"]
[PlyCount "64"]
[EventDate "2022.08.11"]
[EventType "swiss"]
[EventCountry "ESP"]
[SourceTitle "playchess.com"]
[Source "ChessBase"]
[SourceQuality "1"]

1. e4 e5 2. Nf3 Nc6 3. Bb5 a6 4. Ba4 Nf6 5. d3 b5 6. Bb3 Be7 7. Nc3 O-O 8. Nd5 d6 9. a3 Nxd5 10. Bxd5 Qe8 11. Be3 Be6 12. c4 Rb8 13. b4 a5 14. cxb5 Rxb5 15. Qa4 Nd4 16. Nxd4 exd4 17. Bxe6 fxe6 18. Bxd4 c5 19. Bc3 axb4 20. axb4 cxb4 21. Bb2 Qh5 22. O-O Rg5 23. f4 Rg6 24. f5 exf5 25. exf5 Rg5 26. Qd7 Qe2 27. Rf2 Qe3 28. Bc1 Qe5 29. d4 Qe1+ 30. Rf1 Rxg2+ 31. Kxg2 Qe2+ 32. Rf2 Qg4+ 1/2-1/2

[Event "87th Spanish Championship 2022"]
[Site "Linares"]
[Date "2022.08.18"]
[Round "9.22"]
[White "De La Cruz Revilla, Miguel"]
[Black "Alvarez Fernandez, Enrique"]
[Result "1-0"]
[WhiteElo "2213"]
[BlackElo "2329"]
[Annotator "TA"]
[PlyCount "129"]
[EventDate "2022.08.11"]
[EventType "swiss"]
[EventCountry "ESP"]
[SourceTitle "playchess.com"]
[Source "ChessBase"]
[SourceQuality "1"]

1. e4 e5 2. Nf3 Nf6 3. Nxe5 d6 4. Nf3 Nxe4 5. Qe2 Qe7 6. d3 Nc5 7. Be3 Bg4 8. Nc3 c6 9. O-O-O Nbd7 10. h3 Bh5 11. d4 Ne4 12. Nxe4 Qxe4 13. g4 Bg6 14. Bg2 O-O-O 15. Nh4 Qe7 16. Nxg6 hxg6 17. d5 c5 18. Rhe1 Re8 19. Qb5 a6 20. Qa4 Nb6 21. Qb3 Qc7 22. Bd2 Be7 23. Rxe7 Rxe7 24. Ba5 Re2 25. Bf1 Rxf2 26. Bxb6 Qe7 27. Qg3 Qg5+ 28. Kb1 Qd2 29. Rc1 Re8 30. Ba5 Qf4 31. Qxf4 Rxf4 32. Bc3 f6 33. b3 Rf3 34. Kb2 g5 35. Rd1 Kc7 36. a4 Rf2 37. Ba5+ b6 38. Bd2 a5 39. Bb5 Re7 40. Bc1 Rh2 41. Bf1 Rh1 42. Kc3 Re4 43. Kd2 Rf4 44. Be2 Rxh3 45. Bd3 Rf2+ 46. Kc3 Re2 47. Kc4 Re5 48. Bb2 Re8 49. Rg1 Rh2 50. Bc3 Re3 51. Be1 Rhh3 52. Bd2 Re7 53. Rg2 Rh1 54. Bc3 Rh4 55. Kb5 Re3 56. Bd2 Re5 57. Bc3 Re8 58. Bd2 Rh1 59. Bc3 Rh4 60. Bd2 Reh8 61. Re2 Rh2 62. Re7+ Kd8 63. Ra7 Re8 64. Kc6 Rxd2 65. Kxd6 1-0

[Event "87th Spanish Championship 2022"]
[Site "Linares"]
[Date "2022.08.18"]
[Round "9.24"]
[White "Hernandez Estevez, Yudania"]
[Black "Masague Artero, Guerau"]
[Result "0-1"]
[WhiteElo "2193"]
[BlackElo "2319"]
[Annotator "TA"]
[PlyCount "78"]
[EventDate "2022.08.11"]
[EventType "swiss"]
[EventCountry "ESP"]
[SourceTitle "playchess.com"]
[Source "ChessBase"]
[SourceQuality "1"]

1. e4 c5 2. Nf3 Nc6 3. Bb5 e6 4. O-O Nge7 5. b3 Nd4 6. Nc3 Nxb5 7. Nxb5 d5 8. d3 a6 9. Nc3 d4 10. Ne2 Nc6 11. Bf4 Be7 12. Ng3 h5 13. e5 g5 14. Bc1 g4 15. Nd2 Nxe5 16. b4 cxb4 17. Re1 Ng6 18. Nc4 h4 19. Nf1 f5 20. Qe2 Bf6 21. a4 a5 22. f3 g3 23. Bd2 Qc7 24. Reb1 Ra6 25. Qe1 gxh2+ 26. Kh1 Rc6 27. Qc1 b6 28. Bg5 Bg7 29. Qd2 Bb7 30. Re1 Rh5 31. f4 h3 32. Nxh2 hxg2+ 33. Kg1 Rxg5 34. fxg5 Nf4 35. Nf3 Rxc4 36. dxc4 Bxf3 37. Kf2 Be4 38. Rxe4 fxe4 39. Qd1 d3 0-1

[Event "87th Spanish Championship 2022"]
[Site "Linares"]
[Date "2022.08.18"]
[Round "9.25"]
[White "Yuste Valenzuela, Alejandro"]
[Black "Luque Saiz, Andres"]
[Result "0-1"]
[WhiteElo "2022"]
[BlackElo "2289"]
[Annotator "NA RC"]
[PlyCount "74"]
[EventDate "2022.08.11"]
[EventType "swiss"]
[EventCountry "ESP"]
[SourceTitle "playchess.com"]
[Source "ChessBase"]
[SourceQuality "1"]

1. e4 c6 2. d4 d5 3. Nc3 dxe4 4. Nxe4 Bf5 5. Ng3 Bg6 6. h4 h6 7. Nf3 Nf6 8. h5 Bh7 9. Bd3 Bxd3 10. Qxd3 e6 11. Bd2 Be7 12. Ne4 Nxe4 13. Qxe4 O-O 14. g4 Qd5 15. Qe2 c5 16. c4 Qd6 17. O-O-O cxd4 18. g5 hxg5 19. Nxg5 Bxg5 20. Bxg5 f6 21. Bd2 Qe5 22. Qf3 Nc6 23. Rdg1 Qf5 24. Qg3 Rf7 25. h6 g5 26. f4 Kh7 27. Rh5 Rg8 28. Qh2 Qd3 29. fxg5 Qxc4+ 30. Kb1 fxg5 31. Qg2 Qd3+ 32. Ka1 Qf3 33. Qh2 Qf2 34. Qh1 Qxd2 35. Qe4+ Rg6 36. a3 Qf4 37. Qc2 Qf5 0-1

[Event "87th Spanish Championship 2022"]
[Site "Linares"]
[Date "2022.08.18"]
[Round "9.26"]
[White "Ladron De Guevara Pinto, Paolo"]
[Black "Bermudez Ureba, Juan Diego"]
[Result "1-0"]
[WhiteElo "2444"]
[BlackElo "2198"]
[Annotator "TA"]
[PlyCount "53"]
[EventDate "2022.08.11"]
[EventType "swiss"]
[EventCountry "ESP"]
[SourceTitle "playchess.com"]
[Source "ChessBase"]
[SourceQuality "1"]

1. e4 e5 2. Nf3 Nc6 3. Bb5 a6 4. Ba4 Nf6 5. O-O Be7 6. Qe2 b5 7. Bb3 O-O 8. c3 d5 9. d3 Bb7 10. Re1 Re8 11. Nbd2 Bf8 12. a3 h6 13. Nf1 Na5 14. Bc2 c5 15. Ng3 Qc7 16. Nh4 Rad8 17. Nhf5 c4 18. exd5 cxd3 19. Qxd3 Qc4 20. Nxh6+ gxh6 21. Nh5 Bg7 22. Nxf6+ Bxf6 23. Qg3+ Kh8 24. Re4 Qxd5 25. Bxh6 Qe6 26. Rh4 Rg8 27. Bg7# 1-0

[Event "87th Spanish Championship 2022"]
[Site "Linares"]
[Date "2022.08.18"]
[Round "9.27"]
[White "Argandona Riveiro, Inigo"]
[Black "Ilinca Ilinca, Felix Antonio"]
[Result "0-1"]
[WhiteElo "2393"]
[BlackElo "2162"]
[Annotator "TA"]
[PlyCount "130"]
[EventDate "2022.08.11"]
[EventType "swiss"]
[EventCountry "ESP"]
[SourceTitle "playchess.com"]
[Source "ChessBase"]
[SourceQuality "1"]

1. d4 d5 2. e4 dxe4 3. Nc3 Nf6 4. f3 exf3 5. Nxf3 e6 6. Bd3 Be7 7. O-O O-O 8. Qe1 Nbd7 9. Qh4 Re8 10. Ng5 h6 11. Nxe6 fxe6 12. Bxh6 gxh6 13. Qxh6 Bf8 14. Qg6+ Bg7 15. Ne4 Rf8 16. Rf3 Qe8 17. Rxf6 Qxg6 18. Rxg6 Nf6 19. Ng3 Bd7 20. c3 Rad8 21. Re1 c5 22. Bc4 b5 23. Bb3 c4 24. Bd1 Be8 25. Rg5 Rd5 26. h4 Bd7 27. Bf3 Rxg5 28. hxg5 Nd5 29. Ne4 Kf7 30. Nc5 Bc8 31. g6+ Kxg6 32. Nxe6 Bxe6 33. Rxe6+ Nf6 34. Ra6 Re8 35. Kf1 Bh6 36. Rxa7 Bc1 37. a4 Bxb2 38. axb5 Bxc3 39. Rc7 Re1+ 40. Kf2 Rc1 41. d5 Be5 42. Rc6 Kf5 43. b6 Ne4+ 44. Bxe4+ Kxe4 45. b7 Kxd5 46. Rb6 Rc2+ 47. Kf3 Bb8 48. g4 Rc3+ 49. Ke2 Rg3 50. g5 c3 51. Rf6 c2 52. Kd2 Rg2+ 53. Kc1 Kd4 54. g6 Be5 55. Rf1 Kd3 56. Rf3+ Ke4 57. Rf1 Bg7 58. Rf4+ Kd3 59. Rf3+ Ke4 60. Rf4+ Kd3 61. Rf3+ Ke4 62. Rf4+ Kxf4 63. b8=Q+ Be5 64. Qf8+ Kg3 65. Qa3+ Kg4 0-1

[Event "87th Spanish Championship 2022"]
[Site "Linares"]
[Date "2022.08.18"]
[Round "9.28"]
[White "Serarols Mabras, Bernat"]
[Black "Diaz Mino, Daniel"]
[Result "1-0"]
[WhiteElo "2357"]
[BlackElo "2151"]
[Annotator "TA"]
[PlyCount "139"]
[EventDate "2022.08.11"]
[EventType "swiss"]
[EventCountry "ESP"]
[SourceTitle "playchess.com"]
[Source "ChessBase"]
[SourceQuality "1"]

1. d4 d6 2. e4 g6 3. c4 Bg7 4. Nc3 e5 5. d5 f5 6. exf5 Bxf5 7. Nge2 Nf6 8. Ng3 Bd7 9. Bg5 O-O 10. Be2 a5 11. h4 h6 12. Be3 Na6 13. Qd2 h5 14. f3 Bf5 15. Bh6 Qd7 16. Bxg7 Kxg7 17. O-O-O Nc5 18. Rdg1 Rae8 19. Nf1 e4 20. g4 hxg4 21. fxg4 Bxg4 22. h5 Rh8 23. Bxg4 Nxg4 24. Qg5 Ne5 25. Ne3 Ref8 26. Kb1 Rf6 27. Ng4 Nxg4 28. Rxg4 Rh6 29. Qxh6+ Kxh6 30. hxg6+ Kg7 31. Rh7+ Kg8 32. Rxd7 Rf1+ 33. Kc2 Rf2+ 34. Kc1 Nxd7 35. Nxe4 Rf1+ 36. Kc2 Ne5 37. Rg3 b6 38. Ng5 Nxg6 39. Ne6 Kf7 40. Nxc7 Ne5 41. Kb3 Rf4 42. Rc3 Ke7 43. Nb5 Kd7 44. Na3 Rf3 45. Rxf3 Nxf3 46. Nc2 Nd2+ 47. Kc3 Ne4+ 48. Kd4 Nc5 49. b3 Ke7 50. Ne1 Nd7 51. Nd3 Nf6 52. Nb2 Kd7 53. Na4 Kc7 54. Nc3 Ng4 55. Ke4 Nf2+ 56. Kf5 Kd7 57. Na4 Kc7 58. Ke6 Ne4 59. Ke7 Ng3 60. Nc3 Nf5+ 61. Kf6 Ng3 62. Ke6 Nf1 63. Nb5+ Kb8 64. Kxd6 a4 65. Ke7 axb3 66. axb3 Ne3 67. Nd4 b5 68. d6 bxc4 69. d7 Nd5+ 70. Kd6 1-0

[Event "87th Spanish Championship 2022"]
[Site "Linares"]
[Date "2022.08.18"]
[Round "9.29"]
[White "Gomez Dieguez, David"]
[Black "Jimenez Fernandez, Rebeca"]
[Result "1-0"]
[WhiteElo "2372"]
[BlackElo "1908"]
[Annotator "TA"]
[PlyCount "97"]
[EventDate "2022.08.11"]
[EventType "swiss"]
[EventCountry "ESP"]
[SourceTitle "playchess.com"]
[Source "ChessBase"]
[SourceQuality "1"]

1. e4 c5 2. Nc3 Nc6 3. Nge2 g6 4. d4 cxd4 5. Nxd4 Bg7 6. Be3 Nf6 7. Bc4 O-O 8. Bb3 d6 9. f3 Bd7 10. h4 Nxd4 11. Bxd4 b5 12. h5 a5 13. hxg6 hxg6 14. Nd5 Nxd5 15. Bxd5 Rc8 16. a3 e6 17. Bxg7 Kxg7 18. Qd4+ f6 19. Bb3 a4 20. Qd2 Rh8 21. Rxh8 Qxh8 22. Qxd6 Qh1+ 23. Kf2 Qxa1 24. Qxd7+ Kh6 25. Qxc8 axb3 26. Qh8+ Kg5 27. f4+ Kxf4 28. Qxf6+ Kxe4 29. Qxe6+ Kd4 30. Qxb3 Kc5 31. Qc3+ Kb6 32. Qf6+ Kb7 33. Qf7+ Kb6 34. Qxg6+ Kb7 35. Qf7+ Kb6 36. Qf6+ Kb7 37. Qe7+ Kc6 38. Qe6+ Kc7 39. Qe5+ Kc6 40. Qc3+ Kb6 41. Qd4+ Kc6 42. c4 bxc4 43. Qxc4+ Kd6 44. Qd4+ Kc6 45. g4 Qb1 46. Qf6+ Kc7 47. g5 Qc2+ 48. Kg3 Qb3+ 49. Qc3+ 1-0

[Event "87th Spanish Championship 2022"]
[Site "Linares"]
[Date "2022.08.18"]
[Round "9.30"]
[White "Saenz Narciso, Miguel Angel"]
[Black "Esquivias Quintero, Luis Manuel"]
[Result "0-1"]
[WhiteElo "2222"]
[BlackElo "2299"]
[Annotator "NA RC"]
[PlyCount "74"]
[EventDate "2022.08.11"]
[EventType "swiss"]
[EventCountry "ESP"]
[SourceTitle "playchess.com"]
[Source "ChessBase"]
[SourceQuality "1"]

1. e4 c5 2. Nf3 d6 3. d4 cxd4 4. Nxd4 Nf6 5. Nc3 Nc6 6. Bg5 Bd7 7. Qd2 a6 8. O-O-O e6 9. f4 h6 10. Bh4 Be7 11. Nf3 Qc7 12. e5 dxe5 13. fxe5 Ng4 14. Bxe7 Kxe7 15. Ne4 Rad8 16. Nd6 Bc8 17. Qc3 Qa5 18. Qxa5 Nxa5 19. Rd4 Ne3 20. Bd3 Nc6 21. Re4 Nd5 22. c4 f5 23. Ree1 Nf4 24. Bb1 g5 25. g3 Ng6 26. h3 b6 27. g4 Rhf8 28. h4 fxg4 29. Bxg6 gxf3 30. hxg5 f2 31. Ref1 Nxe5 32. Nxc8+ Rxc8 33. Rxh6 Nxc4 34. Bd3 Ne3+ 35. Kd2 Nxf1+ 36. Bxf1 Rc5 37. Rh7+ Rf7 0-1